000 00589nam a22001697a 4500
999 _c189394
_d189394
005 20220629115720.0
010 _aENG-133403
020 _a97893896558774
_c850.00
035 _aEN-116935
037 _bDBAD/PUB
082 _a381
245 _aCommerce Ready Reckoner:
_b(In Honour of The Members of Autonomous Review Committee)/
260 _aTamil Nadu
_bShanlax Publications
_c2020
270 _a61, 66 T.P.K . Main Road Vasantha nagar
_bMadurai
_e625003
_k04524208765
_mpublisher@shanlaxpublications.com
300 _a197p.
_c24cm(pbk)
942 _2ddc
_cEN
_h381
_mCOM